000 00825nam a2200217 i 4500
001 000028158
003 DO-SdBNP
005 20250130141813.0
007 ta
008 110407s199u dr ac 000 0 spa d
040 _aDO-SdBNP
_bspa
_cBNPHU
_erda
049 _aBNPD
082 4 _axxxx
_bI34u
_222
245 1 0 _aImportancia, uso y conservación del agua.
264 1 _aSanto Domingo :
_bCAASD:
_bSecretaría de Estado de Educación, Bellas Artes y Cultos,
_bSEA,
_c199?.
300 _a37 páginas :
_bilustraciones, retratos ;
_c24 cm.
710 2 _aCorporación del Acueducto y Alcantarillado de Santo Domingo
_955156
710 1 _aRepública Dominicana.
_bSecretaria de Estado de Acricultura
_955157
710 1 _aRepública Dominicana.
_bSecretaría de Estado de Educación, Bellas Artes y Cultos
_923965
942 _2ddc
_cLF2
999 _c27650
_d27650